000 00700nam a22002177a 4500
003 UA-OsUOA
001 114084
007 ta
008 20151015b un ||||| |||| 00| 0 ukr d
100 _aХахула О.
090 _a82
_bХ27
942 _cSA
040 _aUA-OsUOA
_bukr
_cUA-OsUOA
_dUA-OsUOA
245 _aЖиттєвий і творчий шлях Михайла Коцюбинського
300 _aС.52-55
955 _a0
041 _aukr
080 _a82
773 0 _w114081
_tПрограма психологічного супроводу обдарованих дітей
_dЛьвів
_d2015
_g3
650 7 _a82 Література. Літературознавство
_2UDC
999 _c400159
_d400159